[Event "Hamburg-ch Seniors 65+"]
[Site "Hamburg"]
[Date "2018.11.04"]
[Round "5"]
[White "Hofmeier, Arthur"]
[Black "Wang, Huanying"]
[Result "1-0"]
[WhiteElo "1538"]
[BlackElo "1305"]
[PlyCount "83"]
[EventDate "2018.10.31"]
[EventType "swiss"]
[EventRounds "9"]
[EventCountry "GER"]
[SourceTitle "CBM 189 Extra"]
[Source "ChessBase"]
[SourceDate "2019.06.03"]
[SourceVersion "1"]
[SourceVersionDate "2019.06.03"]
[SourceQuality "1"]

1. e4 Nc6 2. c3 g6 3. d4 e5 4. d5 Nb8 5. Bc4 Bd6 6. Nf3 c6 7. a4 a5 8. b3 h6 9. Be3 Nf6 10. Qc2 Ng4 11. Bd2 Bc5 12. 0-0 d6 13. h3 Nf6 14. b4 axb4 15. cxb4 Bd4 16. Nxd4 exd4 17. Re1 Nbd7 18. Bf4 Qc7 19. Nd2 g5 20. Bh2 0-0 21. Qd3 b5 22. axb5 Rxa1 23. Rxa1 Ne5 24. Qxd4 Bd7 25. bxc6 Bc8 26. Bb3 Kg7 27. b5 Kh7 28. b6 Qe7 29. Ra2 Qe8 30. b7 g4 31. Ra8 gxh3 32. Rxc8 Rg8 33. g3 Qxc8 34. bxc8Q Rxc8 35. f4 Neg4 36. e5 dxe5 37. fxe5 Re8 38. Bc2+ Kg7 39. exf6+ Nxf6 40. Nf3 Ra8 41. c7 Ra1+ 42. Qxa1 1-0

[Event "Hamburg-ch Seniors 22nd"]
[Site "Hamburg"]
[Date "2015.11.05"]
[Round "9"]
[White "Funke, Hermann"]
[Black "Hofmeier, Arthur"]
[Result "1-0"]
[WhiteElo "1719"]
[BlackElo "1561"]
[PlyCount "61"]
[EventDate "2015.10.28"]
[EventType "swiss"]
[EventRounds "9"]
[EventCountry "GER"]
[SourceTitle "EXT 2018"]
[Source "ChessBase"]
[SourceDate "2017.10.13"]
[SourceVersion "1"]
[SourceVersionDate "2017.10.13"]
[SourceQuality "1"]

1. e4 d6 2. d4 Nd7 3. Nc3 Ngf6 4. Nf3 e6 5. Bc4 Be7 6. 0-0 0-0 7. Bb3 c6 8. Re1 c5 9. d5 e5 10. a4 a5 11. Bc4 Nb6 12. Bb5 Qc7 13. h3 Bd7 14. Bxd7 Qxd7 15. Nh4 Ne8 16. Nf5 Bf6 17. Nb5 Nc8 18. c4 b6 19. Qg4 Kh8 20. Ra3 Ne7 21. Rf3 Nxf5 22. exf5 Qe7 23. Re4 Rg8 24. Rg3 Bh4 25. Qxh4 Nf6 26. Bg5 Qd7 27. Bxf6 Qxf5 28. Rf3 Qxe4 29. Qxe4 gxf6 30. Rxf6 Rg7 31. Nxd6 1-0

[Event "Hamburg-ch Seniors 21st"]
[Site "Hamburg"]
[Date "2014.11.03"]
[Round "6"]
[White "Wang, Huanying"]
[Black "Hofmeier, Arthur"]
[Result "0-1"]
[WhiteElo "874"]
[BlackElo "1247"]
[PlyCount "76"]
[EventDate "2014.10.29"]
[EventType "swiss"]
[EventRounds "9"]
[EventCountry "GER"]
[SourceTitle "EXT 2018"]
[Source "ChessBase"]
[SourceDate "2017.10.13"]
[SourceVersion "1"]
[SourceVersionDate "2017.10.13"]
[SourceQuality "1"]

1. d4 c5 2. dxc5 e6 3. Be3 Nc6 4. c3 a6 5. Nf3 h6 6. g3 Nf6 7. Bg2 Ng4 8. Bf4 Bxc5 9. e3 Qe7 10. h3 Nf6 11. Qd3 e5 12. Nxe5 Nxe5 13. Qe2 Ng6 14. Nd2 Nxf4 15. gxf4 d5 16. Nb3 Bf5 17. Rd1 Rd8 18. 0-0 0-0 19. Kh1 Bb6 20. Bf3 Qe6 21. Rg1 Be4 22. Kh2 Bf5 23. Rg3 Be4 24. Rdg1 g6 25. Nd2 Kh7 26. c4 Rg8 27. Bg4 Nxg4+ 28. hxg4 Bc7 29. f3 Bc2 30. Rh3 Bxf4+ 31. Kh1 Qxe3 32. g5 Qxe2 33. Rxh6+ Kg7 34. Rg2 Qe1+ 35. Nf1 Qxf1+ 36. Rg1 Qxf3+ 37. Rg2 Qf1+ 38. Rg1 Be4# 0-1

[Event "Hamburg-ch Seniors 18th"]
[Site "Hamburg"]
[Date "2011.11.02"]
[Round "5"]
[White "Hofmeier, Arthur"]
[Black "Daebel, Hasso"]
[Result "1-0"]
[WhiteElo "1596"]
[BlackElo "1722"]
[PlyCount "59"]
[EventDate "2011.10.29"]
[EventType "swiss"]
[EventRounds "9"]
[EventCountry "GER"]
[SourceTitle "EXT 2015"]
[Source "ChessBase"]
[SourceDate "2014.11.20"]
[SourceVersion "1"]
[SourceVersionDate "2014.11.20"]
[SourceQuality "1"]

1. d4 d5 2. Nc3 c6 3. e3 Bf5 4. Nf3 h6 5. h3 Nf6 6. Bd3 Ne4 7. 0-0 Qc8 8. Ne5 Nd7 9. Ng4 Ndf6 10. Be2 h5 11. Nxf6+ Nxf6 12. f4 Rh6 13. Bd2 Qd7 14. a4 0-0-0 15. b4 Bxh3 16. b5 Bg4 17. bxc6 Qxc6 18. Bb5 Bxd1 19. Bxc6 bxc6 20. Rfxd1 e6 21. Rab1 Rd7 22. a5 Rb7 23. Rxb7 Kxb7 24. Rb1+ Ka8 25. a6 Ne4 26. Nxe4 Rh8 27. Rb7 dxe4 28. Ba5 Bd6 29. Bc7 Bxc7 30. Rxc7 1-0

[Event "Hamburg-ch Seniors op 13th"]
[Site "Hamburg"]
[Date "2006.11.04"]
[Round "9"]
[White "Schwirz, Horst"]
[Black "Hofmeier, Arthur"]
[Result "1/2-1/2"]
[WhiteElo "1511"]
[BlackElo "1373"]
[PlyCount "79"]
[EventDate "2006.10.27"]
[EventType "swiss"]
[EventRounds "9"]
[EventCountry "GER"]
[SourceTitle "EXT 2022"]
[Source "ChessBase"]
[SourceDate "2021.10.06"]
[SourceVersion "1"]
[SourceVersionDate "2021.10.06"]
[SourceQuality "1"]

1. d4 d5 2. Nf3 Nc6 3. e3 e6 4. Bd3 Nf6 5. 0-0 Ne7 6. Nbd2 c6 7. e4 Ng6 8. e5 Nd7 9. c4 f5 10. exf6 Nxf6 11. Qc2 Nf4 12. c5 Nxd3 13. Qxd3 Be7 14. Ne5 0-0 15. b4 Qe8 16. Re1 Bd8 17. Nf1 Bc7 18. Bf4 Ne4 19. Be3 Qh5 20. Ng3 Nxg3 21. fxg3 Bxe5 22. dxe5 Qxe5 23. Bf4 Qf5 24. Qxf5 Rxf5 25. Bd6 Bd7 26. Rf1 Re8 27. Rxf5 exf5 28. Kf2 Kf7 29. Rd1 Re4 30. Re1 g5 31. h3 h5 32. a3 Rxe1 33. Kxe1 g4 34. h4 d4 35. Be5 d3 36. Kd2 Be6 37. Kxd3 Bd5 38. Ke3 Bxg2 39. Kf4 Kg6 40. Bd6 1/2-1/2

[Event "Hamburg-ch Seniors op 13th"]
[Site "Hamburg"]
[Date "2006.11.01"]
[Round "6"]
[White "Hofmeier, Arthur"]
[Black "Hitzker, Johann"]
[Result "1-0"]
[WhiteElo "1373"]
[BlackElo "1419"]
[PlyCount "53"]
[EventDate "2006.10.27"]
[EventType "swiss"]
[EventRounds "9"]
[EventCountry "GER"]
[SourceTitle "EXT 2022"]
[Source "ChessBase"]
[SourceDate "2021.10.06"]
[SourceVersion "1"]
[SourceVersionDate "2021.10.06"]
[SourceQuality "1"]

1. e4 Nc6 2. Bc4 e6 3. a3 Ne5 4. Ba2 Nf6 5. d4 Ng6 6. Nc3 Be7 7. e5 Ng8 8. Nf3 d5 9. b4 a6 10. Qe2 f6 11. Bd2 fxe5 12. Nxe5 c6 13. Na4 Bg5 14. c4 Bxd2+ 15. Qxd2 Nf6 16. c5 Nxe5 17. dxe5 Nd7 18. Qe3 0-0 19. 0-0 Rb8 20. Bb1 b5 21. Nb2 h6 22. Qd3 Nxe5 23. Qh7+ Kf7 24. f4 Nd7 25. Bg6+ Kf6 26. Bh5 Rg8 27. Qg6+ 1-0